| 000 | 00543nam a2200181 a 4500 | ||
|---|---|---|---|
| 001 | 1098 | ||
| 005 | 20140414131953.0 | ||
| 008 | 041020s19uu xx 00 eng d | ||
| 020 | _a0-8445-3134-0 | ||
| 050 |
_aTR 428.6 _bE54 1980 |
||
| 100 | _aEller, William | ||
| 245 |
_aPink pumpkins / _cWilliam Eller ; Kathleen B. Hester. |
||
| 260 |
_aCalifornia : _bLaidlaw Brothers Publishers, _c1980. |
||
| 300 | _a128 p. : ill. ; cm. | ||
| 440 | _aThe Laidlaw Reading Program, level 6 | ||
| 650 |
_aReading _xStudy and teaching. |
||
| 999 |
_c112852 _d112852 |
||